000 00771cam a2200241 a 4500
001 52334
005 20230411085920.0
008 061201s2006 sp ac b 001 0 spa d
020 _a9788483066782
050 1 4 _a
100 1 _aGrimaldos, Alfredo.
245 1 3 _aLa CIA en EspaƱa /
_cAlfredo Grimaldos.
250 _a1a ed.
260 _aBarcelona :
_bDEBATE,
_c2006
300 _a318 p. :
_bill. (some col.), facsims., ports. ;
_c24 cm.
504 _aIncludes bibliographical references (p. 297-303) and index.
610 1 0 _aUnited States.
_bCentral Intelligence Agency.
650 0 _aEspionage, American
_zSpain.
651 0 _aUnited States
_xForeign relations
_zSpain.
651 0 _aSpain
_xForeign relations
_zUnited States.
942 _2lcc
_cbk
946 _aSH
999 _c109263
_d109263